000 00654nam a2200133Ia 4500
008 220615s9999||||xx |||||||||||||| ||und||
100 _aLangford, Gary O.
245 0 _aEngineering Systems Integration
_bTheory, Metrics, and Methods
546 _aEnglish[eng]
650 _aManagement of IT||Engineering Management||Systems and Control Engineering||ENG||BUSINESS/MANAGEMENT||SCI-TECH||GENERALENGINEERING||INFORMATIONSCIENCE||STM||design||entities||hubble||objects||physical||process||recursive||space||telescope||thinking
700 _aLindholm, Kyra
856 _uhttps://library.oapen.org/bitstream/20.500.12657/41768/4/9781439852880.pdf
942 _cEB
999 _c11082
_d11082